[Event "Djenovici TS10 IM"]
[Site "Djenovici"]
[Date "2018.10.28"]
[Round "9"]
[White "Viskic, Pavisa"]
[Black "Rajkovic, Dusan"]
[Result "0-1"]
[WhiteElo "2163"]
[BlackElo "2320"]
[PlyCount "106"]
[EventDate "2018.10.20"]
[EventType "tourn"]
[EventRounds "9"]
[EventCountry "MNE"]
[EventCategory "1"]
[SourceTitle "CBM 187 Extra"]
[Source "ChessBase"]
[SourceDate "2018.11.04"]
[SourceVersion "1"]
[SourceVersionDate "2018.11.04"]
[SourceQuality "1"]

1. e4 c5 2. Nf3 e6 3. d3 Nc6 4. g3 Nf6 5. Bg2 d5 6. Nbd2 Be7 7. 0-0 0-0 8. e5 Ne8 9. c3 b5 10. Re1 a5 11. a4 Qb6 12. h4 Ba6 13. Nf1 bxa4 14. Rxa4 Rb8 15. Ra1 Qb5 16. N1d2 Nc7 17. Bf1 Rfd8 18. h5 h6 19. Nh2 Qb6 20. Ng4 Bf8 21. Nf3 Ne8 22. Re2 Qb3 23. Rc2 Ra8 24. Bf4 Bc8 25. Qd2 Ra7 26. Rcc1 Qb6 27. Be2 Kh8 28. Bd1 d4 29. c4 Kh7 30. Nh4 Ne7 31. Ra3 Nf5 32. Nf3 Bb7 33. Rca1 Rda8 34. b3 Ne7 35. Qe2 f5 36. exf6 Nxf6 37. Nge5 Kg8 38. g4 Nc6 39. Ng6 Re8 40. Nd2 e5 41. Bg3 Bd6 42. f3 Nb4 43. Nf1 Bc7 44. Bh2 Nh7 45. Ng3 Ng5 46. Ne4 Bxe4 47. fxe4 Qe6 48. Kg2 Ra6 49. Qd2 Qf7 50. Be2 Rf6 51. Rf1 Rxf1 52. Bxf1 Qf3+ 53. Kg1 Qxg4+ 0-1

[Event "CRO-chT1B 27th"]
[Site "Biograd"]
[Date "2018.09.23"]
[Round "9.35"]
[White "Safar, Sandro"]
[Black "Viskic, Pavisa"]
[Result "1-0"]
[WhiteElo "2214"]
[BlackElo "2176"]
[PlyCount "77"]
[EventDate "2018.09.15"]
[EventType "team-swiss"]
[EventRounds "9"]
[EventCountry "CRO"]
[SourceTitle "CBM 186 Extra"]
[Source "ChessBase"]
[SourceDate "2018.08.24"]
[SourceVersion "1"]
[SourceVersionDate "2018.08.24"]
[SourceQuality "1"]
[WhiteTeam "Rijeka Junior"]
[BlackTeam "Sibenik"]
[WhiteTeamCountry "CRO"]
[BlackTeamCountry "CRO"]

1. d4 g6 2. e4 Bg7 3. Nc3 d6 4. Be3 a6 5. Qd2 b5 6. f3 Bb7 7. h4 h5 8. Nh3 Nd7 9. Ng5 c5 10. d5 Ngf6 11. Ne2 Nf8 12. Nf4 N6h7 13. Nxh7 Nxh7 14. c3 Bc8 15. g3 Nf6 16. Nh3 Bd7 17. Bg2 a5 18. 0-0 0-0 19. Bh6 Kh7 20. Ng5+ Kg8 21. Bxg7 Kxg7 22. Kh2 Nh7 23. Nxh7 Kxh7 24. f4 f5 25. e5 Bc8 26. Rfe1 Ra7 27. Re3 Kg7 28. Rae1 Kf7 29. Bf3 Rh8 30. b3 Rf8 31. a3 Rh8 32. Kh3 Rf8 33. Qe2 Rb7 34. b4 axb4 35. axb4 c4 36. Bxh5 gxh5 37. Qxh5+ Kg7 38. Qg5+ Kf7 39. e6+ 1-0

[Event "CRO-chT1B 27th"]
[Site "Biograd"]
[Date "2018.09.20"]
[Round "6.56"]
[White "Bubalovic, Davorin"]
[Black "Viskic, Pavisa"]
[Result "1-0"]
[WhiteElo "2206"]
[BlackElo "2176"]
[PlyCount "87"]
[EventDate "2018.09.15"]
[EventType "team-swiss"]
[EventRounds "9"]
[EventCountry "CRO"]
[SourceTitle "CBM 186 Extra"]
[Source "ChessBase"]
[SourceDate "2018.08.24"]
[SourceVersion "1"]
[SourceVersionDate "2018.08.24"]
[SourceQuality "1"]
[WhiteTeam "Vinkovci"]
[BlackTeam "Sibenik"]
[WhiteTeamCountry "CRO"]
[BlackTeamCountry "CRO"]

1. e4 g6 2. d4 Bg7 3. Nc3 d6 4. Bf4 Nd7 5. Nf3 c5 6. dxc5 Nxc5 7. e5 Ne6 8. Bg3 Qa5 9. Bb5+ Kf8 10. 0-0 dxe5 11. Nxe5 Bxe5 12. Bxe5 Nf6 13. Qe2 Ng7 14. Rfe1 Bg4 15. Qe3 Kg8 16. Bxf6 exf6 17. Qd4 Be6 18. Qxf6 Qd8 19. Qe5 Qb8 20. Qc5 Qc8 21. Qb4 h5 22. Ne4 Nf5 23. Bd3 a5 24. Qb5 Qc7 25. Nc5 Nd4 26. Nxe6 Nxe6 27. Bxg6 Ra6 28. Bd3 h4 29. Qe5 Rd6 30. Re4 Rh6 31. h3 Qc6 32. Qxa5 Rg6 33. Qb5 Qc8 34. Rc4 Rc6 35. Bxg6 Rxc4 36. Bf5 Rc5 37. Bxe6 fxe6 38. Qd3 Rxc2 39. Qg6+ Kf8 40. Qf6+ Ke8 41. Qh8+ Kf7 42. Qh7+ Kf8 43. Rd1 Qc7 44. Qxh4 1-0

[Event "Djenovici TS05 IM"]
[Site "Djenovici"]
[Date "2018.05.26"]
[Round "8"]
[White "Viskic, Pavisa"]
[Black "Uysal, Burak"]
[Result "1-0"]
[WhiteElo "2176"]
[BlackElo "2196"]
[PlyCount "111"]
[EventDate "2018.05.19"]
[EventType "tourn"]
[EventRounds "9"]
[EventCountry "MNE"]
[SourceTitle "CBM 184 Extra"]
[Source "ChessBase"]
[SourceDate "2018.06.28"]
[SourceVersion "1"]
[SourceVersionDate "2018.06.28"]
[SourceQuality "1"]

1. Nf3 d5 2. g3 Bg4 3. Bg2 Nd7 4. c4 dxc4 5. Na3 c6 6. Nxc4 Ngf6 7. 0-0 Bxf3 8. Bxf3 e5 9. d4 e4 10. Bg2 Nb6 11. Nd2 Qe7 12. e3 0-0-0 13. Qc2 Re8 14. a3 h5 15. b4 Kb8 16. a4 h4 17. a5 Nbd5 18. Ba3 hxg3 19. hxg3 Qe6 20. a6 b5 21. Rab1 Kc8 22. Rfc1 Kd7 23. Nb3 Ng4 24. Na5 Rh6 25. Nxc6 Qxc6 26. Qe2 Qe6 27. Qxb5+ Ke7 28. Qb7+ Kf6 29. Rc6 Bd6 30. b5 Rd8 31. Qxa7 Qf5 32. Rb2 Kg5 33. Bxd6 Rhxd6 34. Rxd6 Rxd6 35. Qc5 Rd8 36. b6 Qh7 37. b7 f5 38. Qxd5 Rxd5 39. b8Q Qh2+ 40. Kf1 Nf6 41. a7 Qh5 42. Rb1 Ra5 43. a8Q Rxa8 44. Qxa8 Qf7 45. Kg1 g6 46. Qb8 Nh5 47. Qd8+ Kh6 48. d5 Nf6 49. d6 g5 50. Qe7 Qg6 51. d7 Nxd7 52. Qxd7 Kh5 53. Rd1 Kg4 54. Bxe4 Kh3 55. Bxf5+ g4 56. Bxg4+ 1-0

[Event "Djenovici TS02 FM"]
[Site "Djenovici"]
[Date "2018.02.24"]
[Round "12"]
[White "Molnar Gabor, Roland"]
[Black "Viskic, Pavisa"]
[Result "1/2-1/2"]
[WhiteElo "1960"]
[BlackElo "2207"]
[PlyCount "65"]
[EventDate "2018.02.17"]
[EventType "tourn"]
[EventRounds "14"]
[EventCountry "MNE"]
[SourceTitle "CBM 183 Extra"]
[Source "ChessBase"]
[SourceDate "2018.04.19"]
[SourceVersion "1"]
[SourceVersionDate "2018.04.19"]
[SourceQuality "1"]

1. e4 g6 2. f4 Bg7 3. Nf3 d6 4. Bc4 Nf6 5. d3 d5 6. exd5 Nxd5 7. 0-0 0-0 8. d4 c6 9. Nc3 Nxc3 10. bxc3 c5 11. Rb1 Qc7 12. Qe2 Bg4 13. Be3 Nc6 14. dxc5 Bxc3 15. h3 Bxf3 16. Rxf3 Nd4 17. Bxd4 Bxd4+ 18. Kh1 Bxc5 19. Bd5 Rab8 20. Qe4 b6 21. f5 Kg7 22. Rbf1 f6 23. fxg6 hxg6 24. Qg4 Qe5 25. Rg3 g5 26. Rd3 Bd6 27. g3 Rh8 28. Kg2 Rbc8 29. Bb3 Bc5 30. Rf5 Qa1 31. Rxg5+ fxg5 32. Qxg5+ Kh7 33. Qh5+ 1/2-1/2

[Event "Djenovici TS02 FM"]
[Site "Djenovici"]
[Date "2018.02.18"]
[Round "2"]
[White "Kumar, Naman"]
[Black "Viskic, Pavisa"]
[Result "1-0"]
[WhiteElo "2004"]
[BlackElo "2207"]
[PlyCount "81"]
[EventDate "2018.02.17"]
[EventType "tourn"]
[EventRounds "14"]
[EventCountry "MNE"]
[SourceTitle "CBM 183 Extra"]
[Source "ChessBase"]
[SourceDate "2018.04.19"]
[SourceVersion "1"]
[SourceVersionDate "2018.04.19"]
[SourceQuality "1"]

1. e4 g6 2. d4 Bg7 3. Nc3 d6 4. g3 Nc6 5. Be3 Nf6 6. h3 0-0 7. Bg2 e5 8. Nge2 Nd7 9. 0-0 a6 10. f4 f6 11. Qd2 Ne7 12. g4 Kh8 13. f5 exd4 14. Bxd4 Ne5 15. Nf4 N7c6 16. Bf2 g5 17. Nh5 Bd7 18. Nd5 Be8 19. Nxg7 Kxg7 20. Qe2 Ne7 21. b3 h5 22. Bd4 N7c6 23. Bf2 h4 24. Be3 Nb8 25. Qd2 Kh6 26. Qf2 Kh7 27. Rad1 Nbd7 28. c4 b6 29. Qd2 Bf7 30. Qc3 a5 31. Bc1 Nc5 32. Ba3 Be8 33. Rd2 Bc6 34. Rfd1 Rf7 35. Qe3 a4 36. Nb4 axb3 37. Nxc6 Nxc6 38. Bxc5 bxa2 39. Bd4 Ne5 40. Bxe5 fxe5 41. Ra1 1-0

[Event "Djenovici TS02 FM"]
[Site "Djenovici"]
[Date "2018.02.17"]
[Round "1"]
[White "Viskic, Pavisa"]
[Black "Kumar, Naman"]
[Result "1/2-1/2"]
[WhiteElo "2207"]
[BlackElo "2004"]
[PlyCount "61"]
[EventDate "2018.02.17"]
[EventType "tourn"]
[EventRounds "14"]
[EventCountry "MNE"]
[SourceTitle "CBM 183 Extra"]
[Source "ChessBase"]
[SourceDate "2018.04.19"]
[SourceVersion "1"]
[SourceVersionDate "2018.04.19"]
[SourceQuality "1"]

1. e4 c5 2. Nf3 d6 3. c3 Nf6 4. Be2 Nc6 5. d4 cxd4 6. cxd4 Qa5+ 7. Bd2 Qb6 8. Nc3 Nxd4 9. Nxd4 Qxd4 10. Nb5 Qb6 11. Qc2 Qc6 12. Nc7+ Kd8 13. Qxc6 bxc6 14. Nxa8 Kd7 15. Ba5 Ne8 16. 0-0 Bb7 17. Nb6+ axb6 18. Bxb6 Nc7 19. Bd4 c5 20. Be3 Bxe4 21. a4 Ba8 22. a5 e6 23. f4 f6 24. a6 d5 25. b3 Bd6 26. a7 Bc6 27. Bd2 Ra8 28. Ra5 Kc8 29. Rfa1 Kb7 30. Be3 d4 31. Bd2 1/2-1/2

[Event "CRO-chT3 South"]
[Site "Dubrovnik"]
[Date "2013.05.18"]
[Round "4.2"]
[White "Vrankovic, Ivan"]
[Black "Viskic, Pavisa"]
[Result "0-1"]
[WhiteElo "1957"]
[BlackElo "2178"]
[PlyCount "74"]
[EventDate "2013.04.27"]
[EventType "team-tourn"]
[EventRounds "7"]
[EventCountry "CRO"]
[SourceTitle "EXT 2014"]
[Source "ChessBase"]
[SourceDate "2013.11.20"]
[SourceVersion "1"]
[SourceVersionDate "2013.11.20"]
[SourceQuality "1"]
[WhiteTeam "Kastel"]
[BlackTeam "Sibenik II"]
[WhiteTeamCountry "CRO"]
[BlackTeamCountry "CRO"]

1. e4 Nf6 2. Nc3 d5 3. exd5 Nxd5 4. Bc4 e6 5. Nf3 Be7 6. 0-0 0-0 7. d4 Nxc3 8. bxc3 c5 9. Be3 Qc7 10. Qe2 Nd7 11. Rfd1 Nb6 12. dxc5 Bxc5 13. Bb3 Bxe3 14. Qxe3 Bd7 15. Ne5 Bc6 16. Nxc6 Qxc6 17. Rd3 a5 18. a4 Rad8 19. Rxd8 Rxd8 20. Qg5 Ra8 21. Qe5 h6 22. g3 Nd7 23. Qd4 Rc8 24. Rd1 Nc5 25. Qc4 Kf8 26. Qb5 Qxb5 27. axb5 a4 28. Bc4 Ne4 29. Bd3 Nxc3 30. Ra1 Ke7 31. Kf1 Kd6 32. Ke1 Kc5 33. Kd2 Kb4 34. Kc1 a3 35. Kd2 b6 36. f4 Rc5 37. g4 a2 0-1

[Event "CRO-chT1B 20th"]
[Site "Sibenik"]
[Date "2011.10.09"]
[Round "6.5"]
[White "Valkovic, Kristian"]
[Black "Viskic, Pavisa"]
[Result "1/2-1/2"]
[WhiteElo "2095"]
[BlackElo "2209"]
[PlyCount "63"]
[EventDate "2011.10.04"]
[EventType "team-tourn"]
[EventRounds "9"]
[EventCountry "CRO"]
[SourceTitle "CBM 144 Extra"]
[Source "ChessBase"]
[SourceDate "2011.10.28"]
[SourceVersion "1"]
[SourceVersionDate "2011.10.28"]
[SourceQuality "1"]
[WhiteTeam "Pula"]
[BlackTeam "Sibenik"]
[WhiteTeamCountry "CRO"]
[BlackTeamCountry "CRO"]

1. d4 c5 2. c3 e6 3. Nf3 Nf6 4. Bf4 d5 5. e3 Nc6 6. Bd3 Bd6 7. Bg3 Bxg3 8. hxg3 Qd6 9. Nbd2 e5 10. dxe5 Nxe5 11. Nxe5 Qxe5 12. Nf3 Qe7 13. Qc2 h6 14. 0-0 0-0 15. c4 Be6 16. Rac1 Rac8 17. Rfd1 Rfd8 18. Rd2 b6 19. Rcd1 Qc7 20. cxd5 Rxd5 21. Bc4 Rxd2 22. Rxd2 Bxc4 23. Qxc4 Rd8 24. Kf1 Rxd2 25. Nxd2 Qd7 26. Ke2 b5 27. Qd3 Qc6 28. Qd8+ Kh7 29. Qd3+ Kg8 30. Qd8+ Kh7 31. Qd3+ Kg8 32. Qd8+ 1/2-1/2

[Event "CRO-chT1B 19th"]
[Site "Sibenik"]
[Date "2010.09.09"]
[Round "6"]
[White "Viskic, Pavisa"]
[Black "Mestrovic, Zvonimir"]
[Result "0-1"]
[WhiteElo "2211"]
[BlackElo "2379"]
[PlyCount "76"]
[EventDate "2010.09.04"]
[EventType "team-tourn"]
[EventRounds "9"]
[EventCountry "CRO"]
[SourceTitle "CBM 138 Extra"]
[Source "ChessBase"]
[SourceDate "2010.10.29"]
[SourceVersion "1"]
[SourceVersionDate "2010.10.29"]
[SourceQuality "1"]

1. c4 Nc6 2. g3 e5 3. Bg2 Nf6 4. Nc3 d6 5. Nf3 Be6 6. d4 exd4 7. Nxd4 Nxd4 8. Qxd4 c6 9. 0-0 Be7 10. Bf4 0-0 11. Rad1 Qa5 12. b3 Rfd8 13. Qd2 Qh5 14. e4 Bh3 15. f3 Bxg2 16. Kxg2 Qa5 17. Rf2 Kf8 18. Na4 Qh5 19. g4 Qg6 20. Nc3 h5 21. h3 Kg8 22. Qd3 Nd7 23. Rfd2 Nc5 24. Qe3 Ne6 25. Bg3 Bf6 26. Ne2 d5 27. cxd5 cxd5 28. Rxd5 hxg4 29. hxg4 Rac8 30. Qxa7 Rc2 31. Rxd8+ Bxd8 32. Qe3 Bb6 33. Qd3 Nd4 34. Rd2 Rxd2 35. Qxd2 Ne6 36. Qd5 Qh6 37. f4 Qf6 38. Qd2 Nc5 0-1

[Event "CRO-chT1B 19th"]
[Site "Sibenik"]
[Date "2010.09.07"]
[Round "4"]
[White "Viskic, Pavisa"]
[Black "Ivic, Mateo"]
[Result "0-1"]
[WhiteElo "2211"]
[BlackElo "2272"]
[PlyCount "66"]
[EventDate "2010.09.04"]
[EventType "team-tourn"]
[EventRounds "9"]
[EventCountry "CRO"]
[SourceTitle "CBM 138 Extra"]
[Source "ChessBase"]
[SourceDate "2010.10.29"]
[SourceVersion "1"]
[SourceVersionDate "2010.10.29"]
[SourceQuality "1"]

1. c4 Nf6 2. Nf3 g6 3. g3 Bg7 4. Bg2 0-0 5. 0-0 c5 6. d4 d6 7. Nc3 Nc6 8. d5 Na5 9. Nd2 e5 10. a3 b6 11. b4 Nb7 12. Rb1 Ng4 13. h3 Nh6 14. Nde4 f6 15. bxc5 Nxc5 16. Nxc5 bxc5 17. Qa4 Nf7 18. Bd2 f5 19. f4 exf4 20. gxf4 Bd7 21. Qc2 g5 22. e3 Re8 23. Qd3 Qf6 24. Ne2 Rab8 25. Kh2 Qh6 26. Ng3 Qg6 27. Bf3 g4 28. hxg4 Qh6+ 29. Kg2 fxg4 30. Be4 Qh3+ 31. Kf2 Rxb1 32. Qxb1 Qh2+ 33. Bg2 Ng5 0-1

[Event "CRO-chT1B 18th"]
[Site "Sibenik"]
[Date "2009.09.25"]
[Round "5"]
[White "Viskic, Pavisa"]
[Black "Jakovljevic, Vlado"]
[Result "0-1"]
[WhiteElo "2220"]
[BlackElo "2416"]
[PlyCount "46"]
[EventDate "2009.09.21"]
[EventType "team-tourn"]
[EventRounds "9"]
[EventCountry "CRO"]
[SourceTitle "EXT 2010"]
[Source "ChessBase"]
[SourceDate "2010.11.25"]
[SourceVersion "1"]
[SourceVersionDate "2010.11.25"]
[SourceQuality "1"]

1. e4 c5 2. Nf3 e6 3. c3 d5 4. exd5 exd5 5. d4 Nc6 6. Be2 Bd6 7. Be3 c4 8. b3 cxb3 9. axb3 Nge7 10. Qc1 Bg4 11. 0-0 Rc8 12. Qb2 0-0 13. c4 Bb8 14. Nc3 Re8 15. Rfd1 h6 16. Ne5 Bxe2 17. Nxe2 Nf5 18. cxd5 Nxe5 19. dxe5 Bxe5 20. Bd4 Qxd5 21. Qd2 Nxd4 22. f4 Nf3+ 23. gxf3 Qxd2 0-1

[Event "CRO-chT1B 17th"]
[Site "Sibenik"]
[Date "2008.10.03"]
[Round "7"]
[White "Bilobrk, Franjo"]
[Black "Viskic, Pavisa"]
[Result "1-0"]
[WhiteElo "2372"]
[BlackElo "2222"]
[PlyCount "71"]
[EventDate "2008.09.27"]
[EventType "team"]
[EventRounds "9"]
[EventCountry "CRO"]
[SourceTitle "CBM 126 Extra"]
[Source "ChessBase"]
[SourceDate "2008.11.05"]
[SourceVersion "1"]
[SourceVersionDate "2008.11.05"]
[SourceQuality "1"]

1. d4 d6 2. Nf3 Nf6 3. c4 g6 4. Nc3 Bg7 5. e4 0-0 6. Be2 e5 7. 0-0 Na6 8. Be3 Ng4 9. Bg5 f6 10. Bh4 Qe8 11. Re1 c6 12. c5 exd4 13. Nxd4 dxc5 14. Nb3 h5 15. Bxa6 bxa6 16. Bg3 c4 17. Na5 Be6 18. Qa4 Ne5 19. Bxe5 fxe5 20. Qxc6 Qf7 21. Re2 Rac8 22. Qxa6 h4 23. h3 Rfd8 24. Rd1 Rd4 25. Rxd4 exd4 26. Nd5 d3 27. Rd2 Bh6 28. f4 Rf8 29. Nxc4 Bxf4 30. Nxf4 Bxc4 31. Qxg6+ Qxg6 32. Nxg6 Re8 33. b3 Ba6 34. Nxh4 Rxe4 35. Nf3 Kf7 36. Ng5+ 1-0

[Event "CRO-chT1B 17th"]
[Site "Sibenik"]
[Date "2008.09.30"]
[Round "4"]
[White "Viskic, Pavisa"]
[Black "Galic, Ivan2222"]
[Result "1/2-1/2"]
[WhiteElo "2222"]
[BlackElo "1888"]
[PlyCount "76"]
[EventDate "2008.09.27"]
[EventType "team"]
[EventRounds "9"]
[EventCountry "CRO"]
[SourceTitle "CBM 126 Extra"]
[Source "ChessBase"]
[SourceDate "2008.11.05"]
[SourceVersion "1"]
[SourceVersionDate "2008.11.05"]
[SourceQuality "1"]

1. e4 c5 2. Nf3 e6 3. d3 d5 4. Nbd2 Nf6 5. c3 Nc6 6. Be2 Be7 7. 0-0 0-0 8. Re1 Qc7 9. Qc2 b6 10. Nf1 Bb7 11. Ng3 Rfd8 12. Bf1 Rac8 13. e5 Nd7 14. Qe2 Nf8 15. Ng5 Re8 16. Nh3 f6 17. f4 f5 18. Nh1 d4 19. c4 a6 20. N3f2 Ng6 21. g3 b5 22. b3 b4 23. Bg2 a5 24. h4 Bxh4 25. gxh4 Nxh4 26. Bh3 Qf7 27. Rd1 g5 28. Ng3 g4 29. Bxg4 fxg4 30. Qxg4+ Ng6 31. Nfe4 Kh8 32. Nd6 Qe7 33. Nxc8 Rxc8 34. Ne4 Rg8 35. Nf6 Rg7 36. Nh5 Rg8 37. Nf6 Rg7 38. Nh5 Rg8 1/2-1/2

[Event "CRO-chT 16th"]
[Site "Sibenik"]
[Date "2007.05.20"]
[Round "4"]
[White "Truta, Srecko"]
[Black "Viskic, Pavisa"]
[Result "1/2-1/2"]
[WhiteElo "2206"]
[BlackElo "2198"]
[PlyCount "21"]
[EventDate "2007.05.17"]
[EventType "team"]
[EventRounds "5"]
[EventCountry "CRO"]
[SourceTitle "CBM 118 Extra"]
[Source "ChessBase"]
[SourceDate "2007.07.04"]
[SourceVersion "1"]
[SourceVersionDate "2007.07.04"]
[SourceQuality "1"]

1. d4 d6 2. e4 Nf6 3. Nc3 g6 4. Be2 Bg7 5. h4 c5 6. dxc5 Qa5 7. Qd3 Qxc5 8. Be3 Qb4 9. 0-0-0 Nc6 10. a3 Qa5 11. h5 1/2-1/2

[Event "CRO-chT 16th"]
[Site "Sibenik"]
[Date "2007.05.17"]
[Round "1"]
[White "Viskic, Pavisa"]
[Black "Cvitan, Ognjen"]
[Result "0-1"]
[WhiteElo "2198"]
[BlackElo "2540"]
[PlyCount "54"]
[EventDate "2007.05.17"]
[EventType "team"]
[EventRounds "5"]
[EventCountry "CRO"]
[SourceTitle "CBM 118 Extra"]
[Source "ChessBase"]
[SourceDate "2007.07.04"]
[SourceVersion "1"]
[SourceVersionDate "2007.07.04"]
[SourceQuality "1"]

1. e4 c5 2. Nf3 e6 3. c3 Nf6 4. d3 Nc6 5. Nbd2 d5 6. e5 Nd7 7. d4 cxd4 8. cxd4 f6 9. exf6 Nxf6 10. Bd3 Bd6 11. 0-0 0-0 12. h3 Bd7 13. a3 Nh5 14. Ne5 Nf4 15. Ndf3 Nxe5 16. dxe5 Bc7 17. Be3 Bb6 18. Bxf4 Rxf4 19. Qd2 Rxf3 20. gxf3 Qh4 21. Kg2 Rf8 22. Rfe1 Rf4 23. Rg1 Qg5+ 24. Kh1 Qxe5 25. Rg3 g6 26. Kg2 Qf6 27. b4 Kg7 0-1

[Event "CRO Cup"]
[Site "Rabac"]
[Date "2004.05.22"]
[Round "2.6"]
[White "Doric, Nenad"]
[Black "Viskic, Pavisa"]
[Result "1-0"]
[WhiteElo "2371"]
[BlackElo "2234"]
[PlyCount "25"]
[EventDate "2004.05.20"]
[EventType "swiss"]
[EventRounds "9"]
[EventCountry "CRO"]
[SourceTitle "CBM 100 Extra"]
[Source "ChessBase"]
[SourceDate "2004.07.06"]
[SourceVersion "2"]
[SourceVersionDate "2004.07.06"]
[SourceQuality "1"]

1. e4 Nf6 2. Nc3 d5 3. e5 Ne4 4. Nce2 d4 5. c3 Nc6 6. Nxd4 Nxe5 7. Qe2 Qd5 8. Nb5 Kd8 9. c4 Qc6 10. d3 Nxd3+ 11. Qxd3+ Nd6 12. Nf3 Be6 13. b3 1-0